01016nam a2200205 a 4500008004100000020001500041050001500056100001800071245004500089260002700134300002100161350000900182650000900191650003800200995014500238995015000383999001700533952012600550952013400676120416s1983 ||||||||||||||||| || u a0080341578 aHD 593 Hea aHealey, Patsy10aLocal plans in British land use planning aOxfordbPergamonc1983 axv, 324p. : ill. a0.00 aLAND aLAND USE--PLANNING--GREAT BRITAIN aTEXTBOOKS (SBE) D0.00e5263FCBU-SCHOOL TEXTBOOK COLLECTIONSH1I0.00jSCHOOL TEXTBOOKM2UAVAILABLEWSep 3, 2009y5263ZSchool Collections aMAIN LIBRARY OPEN ACCESSD0.00e709584FCBU-MAIN LIBRARY (Kitwe)H1I11.95jHD 593 HeaM1UAVAILABLEy004740ZMain Library Open Access Collection c82243d82243 00102lcc4070a005b005c(SBE) School Collectionsd2023-09-27l0oSCHOOL TEXTBOOKp5263r2023-09-27t1w2023-09-27y002 00102lcc4070a001b001cMain Library Open Access Collectiond2023-09-27l0oHD 593 Heap004740r2023-09-27t2w2023-09-27y002